000 00752nam a22002297a 4500
999 _c158921
_d158921
005 20181120144751.0
006 a|||||f|||| 00| 0
007 tc
008 180720b xxu||||| |||| 00| 0 eng d
010 _aB-218257-B-218258
020 _c37.00
035 _aB-218257
037 _bA.I.C.B.
082 _a384
100 _aParker, Steve
245 _aFuture Tech Communications now and in to the Future
_cby Steve Parker
260 _aDelhi
_bA.C.I.B.
_cN.D.
270 _aSector-5, Rohini,
_bNew Delhi
_e110085
300 _avarious pages.
_c30cm(HB).
942 _2ddc
_cBRLEN
_h384
_mPAR